[Event "HUN-chT2 Erkel 1819"]
[Site "Hungary"]
[Date "2019.03.10"]
[Round "7.3"]
[White "Gara, Peter"]
[Black "Gombocz, Zsolt"]
[Result "1/2-1/2"]
[WhiteElo "2211"]
[BlackElo "2085"]
[PlyCount "86"]
[EventDate "2018.10.28"]
[EventType "team-tourn"]
[EventRounds "9"]
[EventCountry "HUN"]
[SourceTitle "EXT 2021"]
[Source "ChessBase"]
[SourceDate "2020.10.23"]
[SourceVersion "1"]
[SourceVersionDate "2020.10.23"]
[SourceQuality "1"]
[WhiteTeam "Sarkany DSE"]
[BlackTeam "Varosgazda Akademia"]
[WhiteTeamCountry "HUN"]
[BlackTeamCountry "HUN"]

1. e4 Nf6 2. Nc3 d5 3. exd5 Nxd5 4. Bc4 e6 5. Qf3 c6 6. Nge2 Be7 7. d4 Bb4 8. 0-0 Bxc3 9. Nxc3 0-0 10. Re1 Nd7 11. Nxd5 cxd5 12. Bd3 Qf6 13. Qxf6 Nxf6 14. Bg5 h6 15. Bxf6 gxf6 16. Re3 f5 17. Rae1 Kg7 18. Rh3 Rh8 19. Rh5 Bd7 20. Re3 Rac8 21. f4 a6 22. Kf2 Rcg8 23. Reh3 Rc8 24. Ke3 Rc6 25. R5h4 Rb6 26. b3 Bb5 27. g4 Bxd3 28. Kxd3 fxg4 29. Rxg4+ Kf6 30. Rh5 Rb5 31. a4 Rb6 32. f5 Rc6 33. fxe6 fxe6 34. Rh3 Rh7 35. Rf3+ Ke7 36. c4 dxc4+ 37. bxc4 Rb6 38. Rg8 Rb4 39. a5 Ra4 40. Rff8 Rxa5 41. Rb8 Kf6 42. Rbf8+ Ke7 43. Rb8 Kf6 1/2-1/2

[Event "HUN-chT2 Erkel 1718"]
[Site "Hungary"]
[Date "2018.05.06"]
[Round "11.3"]
[White "Gombocz, Zsolt"]
[Black "Kovacs, Daniel1111"]
[Result "1/2-1/2"]
[WhiteElo "2101"]
[BlackElo "2048"]
[PlyCount "66"]
[EventDate "2017.09.24"]
[EventType "team-tourn"]
[EventRounds "11"]
[EventCountry "HUN"]
[SourceTitle "EXT 2021"]
[Source "ChessBase"]
[SourceDate "2020.10.23"]
[SourceVersion "1"]
[SourceVersionDate "2020.10.23"]
[SourceQuality "1"]
[WhiteTeam "Budapest MAFC"]
[BlackTeam "Salgotarjan"]
[WhiteTeamCountry "HUN"]
[BlackTeamCountry "HUN"]

1. d4 d5 2. Nf3 Bf5 3. e3 e6 4. Bd3 Bg6 5. Ne5 Bd6 6. 0-0 Nd7 7. f4 Ne7 8. b3 c6 9. c4 f6 10. Nxg6 hxg6 11. Qg4 Kf7 12. Ba3 Bxa3 13. Nxa3 f5 14. Qe2 Nf6 15. h3 Rh5 16. Nc2 g5 17. fxg5 Rxg5 18. Ne1 Rh5 19. Nf3 Qh8 20. Ne5+ Kg8 21. Kf2 Qh6 22. Ke1 Ng6 23. Nxg6 Qxg6 24. Kd2 dxc4 25. bxc4 Rd8 26. Kc2 c5 27. Qf2 Qe8 28. a4 Qd7 29. Be2 Rg5 30. Rfd1 Ne4 31. Qf1 Ng3 32. Qf4 Qe7 33. Bf3 cxd4 1/2-1/2

[Event "HUN-chT2 Erkel 1617"]
[Site "Hungary"]
[Date "2016.12.11"]
[Round "6.3"]
[White "Szalanczy, Emil"]
[Black "Gombocz, Zsolt"]
[Result "1/2-1/2"]
[WhiteElo "2202"]
[BlackElo "2089"]
[PlyCount "150"]
[EventDate "2016.09.25"]
[EventType "team-tourn"]
[EventRounds "11"]
[EventCountry "HUN"]
[SourceTitle "EXT 2021"]
[Source "ChessBase"]
[SourceDate "2020.10.23"]
[SourceVersion "1"]
[SourceVersionDate "2020.10.23"]
[SourceQuality "1"]
[WhiteTeam "Szigetszentmiklos"]
[BlackTeam "Budapest MAFC"]
[WhiteTeamCountry "HUN"]
[BlackTeamCountry "HUN"]

1. e4 Nf6 2. e5 Nd5 3. d4 d6 4. Nf3 Nc6 5. c4 Nb6 6. exd6 exd6 7. Nc3 Bf5 8. Bd3 Bg6 9. 0-0 Be7 10. Be3 0-0 11. Rc1 Bf6 12. Bxg6 hxg6 13. Ne4 Re8 14. Nxf6+ Qxf6 15. Qb3 Rab8 16. Rfd1 Qf5 17. d5 Ne5 18. Nxe5 Rxe5 19. a4 Nc8 20. h3 g5 21. Rd4 f6 22. Rg4 b6 23. Bd4 Re8 24. Qb5 Ne7 25. Re1 Kf7 26. Rge4 Qc8 27. Qb3 Qd7 28. Qf3 Ng6 29. Re6 Nf4 30. R6e3 Rxe3 31. fxe3 Ng6 32. Rf1 Ne5 33. Bxe5 dxe5 34. b3 Rh8 35. a5 Rh4 36. axb6 axb6 37. Ra1 Rh8 38. Ra7 Ke7 39. Qe4 Kf7 40. Qd3 Qd6 41. Qf5 Rd8 42. Kf2 Qd7 43. Qxd7+ Rxd7 44. e4 Ke7 45. Ke3 Kd6 46. Kd3 Rd8 47. b4 Rc8 48. Ra6 Kd7 49. c5 bxc5 50. bxc5 Rb8 51. Ra7 Rb5 52. Kc4 Rb1 53. Kd3 Rb3+ 54. Ke2 Rc3 55. c6+ Kd6 56. Ra8 Kc5 57. Ra4 g6 58. Ra7 Kd6 59. Ra8 f5 60. Rd8+ Kc5 61. d6 Kxc6 62. dxc7 Kxc7 63. Rd5 Rc2+ 64. Kf1 Rc4 65. exf5 Rf4+ 66. Kg1 gxf5 67. Rxe5 Kd6 68. Re8 g4 69. hxg4 Rxg4 70. Kf2 Ra4 71. Kf3 Rb4 72. g3 Ra4 73. Re2 Rb4 74. Kg2 Ra4 75. Kh3 Rb4 1/2-1/2

[Event "HUN-chT2 Erkel 1516"]
[Site "Hungary"]
[Date "2016.03.20"]
[Round "9.3"]
[White "Gombocz, Zsolt"]
[Black "Fodor, Balazs"]
[Result "1/2-1/2"]
[WhiteElo "2106"]
[BlackElo "1985"]
[PlyCount "71"]
[EventDate "2015.09.13"]
[EventType "team-tourn"]
[EventRounds "11"]
[EventCountry "HUN"]
[SourceTitle "EXT 2017"]
[Source "ChessBase"]
[SourceDate "2016.10.25"]
[SourceVersion "1"]
[SourceVersionDate "2016.10.25"]
[SourceQuality "1"]
[WhiteTeam "MAFC"]
[BlackTeam "Budapest MTK II"]
[WhiteTeamCountry "HUN"]
[BlackTeamCountry "HUN"]

1. d4 d5 2. Nf3 Nf6 3. Bf4 c5 4. e3 e6 5. c4 Nc6 6. dxc5 Bxc5 7. Be2 Qa5+ 8. Nbd2 dxc4 9. Bxc4 Nh5 10. Bg3 Nxg3 11. hxg3 0-0 12. a3 Be7 13. Qc2 g6 14. 0-0 Bd7 15. b4 Qc7 16. Qb2 a6 17. Rac1 e5 18. Qb3 Kg7 19. Ne4 Rac8 20. Bd5 f6 21. Nc5 Bxc5 22. Rxc5 b6 23. Rcc1 Qd6 24. Rfd1 Qe7 25. Qd3 b5 26. Qb3 Rfd8 27. e4 Qe8 28. Qe3 Bg4 29. Rc5 Ne7 30. Rdc1 Qd7 31. Rxc8 Rxc8 32. Rxc8 Nxc8 33. Qc5 Ne7 34. Nd2 Be6 35. Bxe6 Qxe6 36. Nb3 1/2-1/2

[Event "HUN-chT2 Erkel 1213"]
[Site "Hungary"]
[Date "2013.03.03"]
[Round "8.3"]
[White "Gombocz, Zsolt"]
[Black "Bencze, Laszlo"]
[Result "1/2-1/2"]
[WhiteElo "2072"]
[BlackElo "2200"]
[PlyCount "29"]
[EventDate "2012.09.16"]
[EventType "team-tourn"]
[EventRounds "11"]
[EventCountry "HUN"]
[SourceTitle "EXT 2014"]
[Source "ChessBase"]
[SourceDate "2013.11.20"]
[SourceVersion "1"]
[SourceVersionDate "2013.11.20"]
[SourceQuality "1"]
[WhiteTeam "Barcza"]
[BlackTeam "Dunaharaszti"]
[WhiteTeamCountry "HUN"]
[BlackTeamCountry "HUN"]

1. d4 Nf6 2. c4 g6 3. Nc3 Bg7 4. Nf3 0-0 5. Bg5 h6 6. Bh4 d6 7. e3 Bf5 8. Bd3 Bxd3 9. Qxd3 c6 10. 0-0 a6 11. Rab1 Nbd7 12. b4 g5 13. Bg3 Nh5 14. Nd2 Ndf6 15. Nde4 1/2-1/2

[Event "HUN-chT2 Breyer 0910"]
[Site "Hungary"]
[Date "2009.12.20"]
[Round "4"]
[White "Gombocz, Zsolt"]
[Black "Igler, Szilard"]
[Result "1-0"]
[WhiteElo "2106"]
[BlackElo "1777"]
[PlyCount "77"]
[EventDate "2009.11.08"]
[EventType "team-tourn"]
[EventRounds "11"]
[EventCountry "HUN"]
[SourceTitle "EXT 2011"]
[Source "ChessBase"]
[SourceDate "2010.11.26"]
[SourceVersion "1"]
[SourceVersionDate "2010.11.26"]
[SourceQuality "1"]
[WhiteTeam "MAFC"]
[BlackTeam "Turul"]
[WhiteTeamCountry "HUN"]
[BlackTeamCountry "HUN"]

1. d4 Nf6 2. Nf3 e6 3. Bg5 Be7 4. e3 h6 5. Bh4 c5 6. c3 d5 7. Be2 Nbd7 8. 0-0 g5 9. Bg3 Ne4 10. Nbd2 Nxg3 11. hxg3 g4 12. Ne5 f5 13. Qa4 a6 14. Ng6 Rg8 15. Nf4 Kf7 16. c4 Nb6 17. Qb3 Bd6 18. dxc5 Bxc5 19. Nd3 Be7 20. cxd5 Nxd5 21. e4 fxe4 22. Nxe4 Bd6 23. Rfd1 b5 24. a4 bxa4 25. Qxa4 Bb7 26. Nxd6+ Qxd6 27. Bxg4 Bc6 28. Qd4 Rg5 29. Re1 Re8 30. Ne5+ Kg8 31. Rxa6 Rc8 32. Nc4 Qb4 33. Bxe6+ Kf8 34. Re2 Bb7 35. Qh8+ Ke7 36. Bxc8+ Kf7 37. Bxb7 Qxc4 38. Bxd5+ Qxd5 39. Qe8+ 1-0

[Event "HUN-chT2 Erkel 0809"]
[Site "Hungary"]
[Date "2009.02.22"]
[Round "8.8"]
[White "Ilkovics, Ferenc"]
[Black "Gombocz, Zsolt"]
[Result "1-0"]
[WhiteElo "1987"]
[BlackElo "2106"]
[PlyCount "60"]
[EventDate "2008.10.26"]
[EventType "team-tourn"]
[EventRounds "11"]
[EventCountry "HUN"]
[SourceTitle "EXT 2010"]
[Source "ChessBase"]
[SourceDate "2010.11.25"]
[SourceVersion "1"]
[SourceVersionDate "2010.11.25"]
[SourceQuality "1"]
[WhiteTeam "Paszto"]
[BlackTeam "MAFC"]
[WhiteTeamCountry "HUN"]
[BlackTeamCountry "HUN"]

1. e4 Nf6 2. d3 e5 3. Nf3 Nc6 4. Be2 h6 5. Nc3 Bc5 6. h3 0-0 7. 0-0 d6 8. Na4 Bb6 9. Nxb6 axb6 10. a3 Re8 11. c4 Be6 12. Be3 Qd7 13. Nh2 Nh7 14. f4 f5 15. exf5 Bxf5 16. Qd2 Nd4 17. Bd1 Bg6 18. Nf3 Nf5 19. Bf2 exf4 20. Qxf4 Ne7 21. Qd2 Nc6 22. d4 Nf6 23. Bc2 Bxc2 24. Qxc2 Ne4 25. d5 Nd8 26. Nd4 Nf7 27. Ne6 Nfg5 28. Nf4 Rf8 29. Bh4 Rae8 30. Qd3 Nc5 1-0

[Event "HUN-chT2 Erkel 0809"]
[Site "Hungary"]
[Date "2008.12.21"]
[Round "4.7"]
[White "Gombocz, Zsolt"]
[Black "Dupsky, Laszlo"]
[Result "1-0"]
[WhiteElo "2106"]
[BlackElo "2227"]
[PlyCount "155"]
[EventDate "2008.10.26"]
[EventType "team-tourn"]
[EventRounds "11"]
[EventCountry "HUN"]
[SourceTitle "EXT 2010"]
[Source "ChessBase"]
[SourceDate "2010.11.25"]
[SourceVersion "1"]
[SourceVersionDate "2010.11.25"]
[SourceQuality "1"]
[WhiteTeam "MAFC"]
[BlackTeam "TTC"]
[WhiteTeamCountry "HUN"]
[BlackTeamCountry "HUN"]

1. d4 d5 2. Nf3 c5 3. e3 Nc6 4. Be2 Nf6 5. 0-0 e6 6. c4 Be7 7. b3 0-0 8. Bb2 Ne4 9. Nbd2 cxd4 10. Nxe4 dxe4 11. Nxd4 Nb4 12. Nb5 a6 13. Nd4 e5 14. Nc2 Nd3 15. Bc3 f5 16. Qd2 f4 17. Bxd3 exd3 18. Nb4 Bxb4 19. Bxb4 Rf6 20. exf4 Rxf4 21. Rfe1 Qc7 22. Qxd3 Qb6 23. Qd5+ Be6 24. Bc5 Bxd5 25. Bxb6 Bc6 26. Rxe5 Rf6 27. Ba5 Raf8 28. Bb4 R8f7 29. Rd1 h6 30. f3 Rg6 31. Rd8+ Kh7 32. Kf2 Rg4 33. Rf8 Rxf8 34. Bxf8 Rd4 35. Re7 Rd2+ 36. Kg3 Rd8 37. Rxg7+ Kh8 38. Be7 Rd7 39. Rf7 Kg8 40. Rf8+ Kg7 41. Bb4 a5 42. Ba3 Rd2 43. Ra8 a4 44. bxa4 Rxa2 45. Bf8+ Kg6 46. a5 h5 47. Bd6 Ra4 48. h4 Rxc4 49. Rg8+ Kh7 50. Rg5 Be8 51. Re5 Rc6 52. Rxe8 Rxd6 53. Re7+ Kg6 54. Rxb7 Rd5 55. Rb6+ Kg7 56. a6 Ra5 57. Rb7+ Kg6 58. a7 Ra2 59. Kf4 Kf6 60. Ke4 Ke6 61. Rh7 Ra4+ 62. Ke3 Kf6 63. Rxh5 Rxa7 64. Rh6+ Kg7 65. Rd6 Ra2 66. g4 Ra7 67. Kf4 Ra4+ 68. Kg3 Ra7 69. h5 Ra3 70. g5 Ra4 71. Rd7+ Kh8 72. f4 Ra3+ 73. Kg4 Ra4 74. g6 Ra6 75. Kg5 Ra8 76. f5 Rb8 77. f6 Kg8 78. Kh6 1-0

[Event "HUN-chT2 Erkel 0809"]
[Site "Hungary"]
[Date "2008.10.26"]
[Round "1.9"]
[White "Gombocz, Zsolt"]
[Black "Szlabey, Geza"]
[Result "1/2-1/2"]
[WhiteElo "2106"]
[BlackElo "2008"]
[PlyCount "117"]
[EventDate "2008.10.26"]
[EventType "team-tourn"]
[EventRounds "11"]
[EventCountry "HUN"]
[SourceTitle "EXT 2010"]
[Source "ChessBase"]
[SourceDate "2010.11.25"]
[SourceVersion "1"]
[SourceVersionDate "2010.11.25"]
[SourceQuality "1"]
[WhiteTeam "MAFC"]
[BlackTeam "Foti"]
[WhiteTeamCountry "HUN"]
[BlackTeamCountry "HUN"]

1. d4 d5 2. Nf3 e6 3. Bf4 c6 4. Nbd2 f5 5. h3 Nf6 6. Ne5 Bd6 7. e3 0-0 8. Be2 Ne4 9. 0-0 Bxe5 10. Bxe5 Nxd2 11. Qxd2 Nd7 12. Bh2 Qf6 13. c4 g5 14. f4 h6 15. Qb4 Qg6 16. Rac1 Nf6 17. fxg5 hxg5 18. Be5 dxc4 19. Qxc4 Nd5 20. Qd3 Bd7 21. Bf3 Nf6 22. b4 a6 23. a3 Be8 24. a4 Nd5 25. e4 f4 26. Qb3 Ne3 27. Rfe1 b5 28. a5 Rd8 29. Rxe3 fxe3 30. Qxe3 Rf7 31. Rc5 Kf8 32. Qe2 Re7 33. Qe3 Rf7 34. Bg3 Rg7 35. h4 gxh4 36. Bxh4 Rdd7 37. Rxc6 Rh7 38. Bf2 Rdf7 39. Rc5 Rfg7 40. Kf1 Rh1+ 41. Ke2 Rb1 42. Rc1 Rb2+ 43. Kd1 Qh7 44. Be1 Qh1 45. Qf4+ Rf7 46. Qd6+ Kg8 47. Qxe6 Bd7 48. Qd5 Qxg2 49. Rc8+ Bxc8 50. Bxg2 Rxg2 51. e5 Bg4+ 52. Kc1 Bf3 53. Qd8+ Rf8 54. Qd7 Rg7 55. Qe6+ Kh7 56. Qh3+ Kg8 57. Qe6+ Kh7 58. Qh3+ Kg8 59. Qe6+ 1/2-1/2